Statistics for Events in History #3

Click here to take the quiz!

General Stats

  • This quiz has been taken 62,860 times
    (37,516 since last reset)
  • The average score is 13 of 20

Answer Stats

DateYearEvent% Correct
May 101994{Mandela} becomes President
of South Africa
95%
Aug 61945{Hiroshima} destroyed by an
atomic bomb
94%
Oct 31990{Germany} is reunified
88%
Aug 292005Hurricane {Katrina} strikes
New Orleans
87%
Aug 151914{Panama} Canal opens
87%
Jun 281914{Franz} {Ferdinand} assassinated
81%
-48 BC{Cleopatra} seduces Julius Caesar
79%
Sep 21666Start of the Great Fire of {London}
78%
Oct 41957{Sputnik} becomes the first
manmade object to orbit Earth
75%
Jul 301966{England} wins the World Cup
73%
Apr 301803France sells {Louisiana} Territory
to the United States
71%
Jun 221897{Queen} {Victoria}'s diamond jubilee
64%
-1281The Mongols launch a
naval invasion of {Japan}
62%
Jun 8632Mohammad dies in the
city of {Medina}
51%
Mar 31861Serfdom abolished in {Russia}
50%
Dec 25800{Charlemagne} is crowned as
Holy Roman Emperor
46%
-1937Rape of {Nanking}
46%
May 241844Samuel Morse demonstrates
the {telegraph}
45%
Nov 101871Stanley finds {Livingstone} in Africa
32%
-828Venetians steal the remains
of Saint {Mark} from Alexandria
21%

Score Distribution

Percentile by Number Answered

Percent of People with Each Score

Your Score History

You have not taken this quiz since the last reset